000 00281nam a2200121 i 4500
001 bg
245 0 _aPowietrzna instalacja pojazdów samochodowych.
_nT.1.
260 _aŁódź,
_c1986.
040 _cBPK
041 _apol
942 _cKS
008 s pl f |000 0 pol
999 _c3331
_d3331
856 _uhttp://koha.tu.koszalin.pl/cgi-bin/koha/opac-detail.pl?biblionumber=3331
_yKatalog online BPK